Statystyki dla Największe miasta Szwajcarii

Kliknij tutaj aby rozwiązać quiz!

Ogólne statystyki

  • Ten quiz został rozwiązany 40 razy
  • Średni wynik to 6 z 10

Statystyki odpowiedzi

HintOdpowiedź% Poprawnych
134 794Berno
100%
421 878Zurych
100%
203 856Genewa
84%
173 863Bazylea
76%
140 202Lozanna
68%
82 620Lucerna
38%
76 213Sankt Gallen
38%
62 315Lugano
35%
114 220Winterthur
11%
55 206Biel/Bienne
5%

Rozkład punktacji

Percentyl według liczby udzielonych odpowiedzi

Procent ludzi z każdym wynikiem

Twoja historia wyników

Nie rozwiązałeś tego quizu